| 000 | 00776nas a2200241 i 4500 | ||
|---|---|---|---|
| 001 | 2026 | ||
| 003 | ES-MaACL | ||
| 005 | 20250724062556.0 | ||
| 007 | t| | ||
| 008 | 950801d19221932fr | | 1 ||re d | ||
| 022 | _a0980-613X | ||
| 245 | 0 | 0 |
_aRevue de l'Amérique latine / _c[dir. Ernest Martinenche]. |
| 260 |
_aParis : _bRevue de l'Amérique latine, _c1922-1932 ( _eCahors : _fImp. Coueslant) |
||
| 300 |
_av ; _c25 cm. |
||
| 310 | _aMensual | ||
| 362 | 0 | _a1re année, vol. 1, n° 1 (1922)-11e année, vol. 23, n° 124 (octobre/décembre 1932) | |
| 650 | 7 |
_aCultura _2embne _9170963 |
|
| 700 | 1 |
_aMartinenche, Ernest, _edir. _977699 |
|
| 780 | 0 | 0 | _aBulletin de l'Amerique latine |
| 852 |
_aES-MaACL _jB-9892-914 |
||
| 866 | 0 | _o1922-31(1932) | |
| 999 |
_c2026 _d2026 |
||